Quick Pick: Microsoft Office by File Extension Quiz Stats

 Plays Quiz Updated May 14, 2019

Score 0/8 Timer 00:45
1 Play Today
% Correct
Excel
95.8%
Publisher
95.6%
OneNote
95.6%
Access
94.9%
Visio
94.8%
PowerPoint
94.3%
Word
93.5%
Project
79.6%

Today's Daily Dose

You're not logged in!

Compare scores with friends on all Sporcle quizzes.
OR
Log In

Show Comments

Extras

Top Quizzes Today


Score Distribution

Your Account Isn't Verified!

In order to create a playlist on Sporcle, you need to verify the email address you used during registration. Go to your Sporcle Settings to finish the process.

Report this User

Report this user for behavior that violates our Community Guidelines.

Details: